Daily Top Music Videos US (03/03/2023) - Statistics

General Stats
  • This quiz has been taken 7 times
  • The average score is 25 of 40
Answer Stats
Artist(s) Title % Correct
Harry Styles As It Was
100%
Katy Perry / Juicy J Dark Horse
100%
Miley Cyrus Flowers
100%
Miley Cyrus Flowers
100%
Sam Smith / Kim Petras Unholy
100%
OneRepublic Counting Stars
86%
Rag'n'Bone Man Human
86%
Frozen Let It Go
86%
Eminem / Rihanna Love The Way You Lie
86%
Ed Sheeran Perfect
86%
Adele Rolling in the Deep
86%
Ed Sheeran Shape of You
86%
Gotye / Kimbra Somebody That I Used To Know
86%
Post Malone / Swae Lee Sunflower
86%
Mark Ronson / Bruno Mars Uptown Funk
86%
Glass Animals Heat Waves
71%
Billie Eilish / Khalid lovely
71%
The Weeknd Save Your Tears
71%
Tom Odell Another Love
57%
Crazy Frog Axel F
57%
PinkPantheress / Ice Spice Boy's a liar Pt. 2
57%
Rema / Selena Gomez Calm Down
57%
Rema Calm Down
57%
Rihanna Diamonds
57%
The Weeknd / Ariana Grande Die For You
57%
Coolio / L.V. Gangsta's Paradise
57%
Wiz Khalifa / Charlie Puth See You Again
57%
The Weeknd / Daft Punk Starboy
57%
50 Cent In Da Club
43%
LP Lost On You
43%
Oliver Tree / Robin Schulz Miss You
43%
Imagine Dragons Believer
29%
Lady Gaga Bloody Mary
29%
Eminem Mockingbird
29%
Libianca People
29%
Stephen Sanchez Until I Found You
29%
Eminem Without Me
29%
Imagine Dragons Bones
14%
YoungBoy Never Broke Again Demon Party
14%
Metallica If Darkness Had a Son
14%
No matching quizzes found
Score Distribution
Percent of People with Each Score
Percentile by Number Answered
Your Score History
You have not taken this quiz